000 00822nam a2200229Ii 4500
003 JO-AjNU
008 230605s9999||||xx |||||||||||||| ||und||
017 _a98/14394
020 _a977-278-097-6
040 _aJO-AjNU
_bara
_erda
_cJO-AjNU
041 _aara
050 1 4 _aJQ1758.A98.M8727.1999
100 3 _a أبو فارس ، محمد عبد القادر ,
_eauthor
_97782
245 0 0 _aمنهج التغيير عند الشهيدين حسن البنا وسيد قطب
250 _aط1
264 3 1 _aطنطا : دار البشير ، عمان : دار عمار ، 1999
300 _a96ص
336 _atext
_btxt
_2rdacontent
337 _aunmediated
_bn
_2rdamedia
338 _avolume
_bnc
_2rdacarrier
650 4 _aثقافة إسلامية -- حسن البنا 1906-1949م -- سيد قطب 1906-1965م
_97783
999 _aA454
_c4022
_d4022